| 000 | nam a22 7a 4500 | ||
|---|---|---|---|
| 999 |
_c128568 _d128568 |
||
| 008 | 181114b xxu||||| |||| 00| 0 eng d | ||
| 050 | _aLA1596.K44 1994 | ||
| 100 |
_aKelly, Michael J. (ed.) _943452 |
||
| 245 |
_aEducation and development: _bselected reading materials _c/by Kelly, Michael J. (ed.) |
||
| 260 |
_aLusaka: _bUniversity of Zambia, _c1995 |
||
| 300 |
_ap.; _c30cm. |
||
| 650 |
_aEducation _xCollection _zZambia _943453 |
||
| 942 |
_2lcc _cMONOGRAPH |
||